[Event "Women's World Team Championship"]
[Site "Ekaterinburg RUS"]
[Date "2007.05.26"]
[EventDate "2007.05.20"]
[Round "6"]
[Result "1-0"]
[White "Lela Javakhishvili"]
[Black "Iweta Radziewicz Rajlich"]
[WhiteElo "2425"]
[BlackElo "2408"]
[PlyCount "115"]

1. c4 Nf6 2. g3 g6 3. Bg2 Bg7 4. Nc3 O-O 5. e4 d6 6. Nge2 c6
7. O-O Nbd7 8. h3 Rb8 9. d3 a6 10. a4 Ne8 11. Be3 e6 12. Qd2
a5 13. f4 Nc5 14. Rae1 f5 15. e5 Na6 16. exd6 Qxd6 17. Kh2 Nf6
18. Ng1 Rd8 19. Rd1 Nd7 20. Nf3 Nb4 21. d4 b6 22. Qe2 Ba6
23. Bf2 Nd5 24. Na2 Nf8 25. Ne5 Qc7 26. Qc2 Ne7 27. Rfe1 h6
28. Be3 Qc8 29. Rc1 Nd7 30. Qf2 Nxe5 31. fxe5 Qd7 32. b4 Qe8
33. b5 Bb7 34. Nc3 Rbc8 35. bxc6 Bxc6 36. d5 exd5 37. cxd5
Rxd5 38. Nxd5 Bxd5 39. Bxd5+ Nxd5 40. Qa2 Rd8 41. Bxb6 Rd7
42. e6 Rd6 43. e7 Kh7 44. Rc8 Qxc8 45. e8=Q Qc3 46. Bf2 Nf6
47. Qe3 Qc8 48. Qf7 Rd7 49. Qfe6 Qc2 50. Re2 Qxa4 51. Q3b6 Qd1
52. Re1 Qc2 53. Kg1 Qc3 54. Qbc6 Qd2 55. Qxf6 Bxf6 56. Qxf6
Qg5 57. Qf8 Qd8 58. Re8 1-0

[Event "FSGM February"]
[Site "Budapest HUN"]
[Date "2008.??.??"]
[EventDate "?"]
[Round "2"]
[Result "1-0"]
[White "Iweta Radziewicz Rajlich"]
[Black "Zlatko Ilincic"]
[WhiteElo "2437"]
[BlackElo "2561"]
[PlyCount "57"]

1. d4 f5 2. Bg5 g6 3. Nc3 Bh6 4. h4 Bxg5 5. hxg5 e6 6. Qd2 Ne7
7. O-O-O Nd5 8. Nxd5 exd5 9. Qe3+ Kf7 10. g4 fxg4 11. Qf4+ Kg8
12. Bg2 c6 13. Qxg4 d6 14. Qg3 Nd7 15. Nh3 Nf8 16. Nf4 Ne6
17. Nxe6 Bxe6 18. e4 dxe4 19. Bxe4 d5 20. Bxg6 Qd7 21. Bd3 Bf5
22. g6 hxg6 23. Rxh8+ Kxh8 24. Rh1+ Kg8 25. Qh2 Rf8 26. Bxf5
gxf5 27. Qh8+ Kf7 28. Rh7+ Kg6 29. Rh6+ 1-0

[Event "FSGM February"]
[Site "Budapest HUN"]
[Date "2008.02.04"]
[EventDate "2008.02.02"]
[Round "3"]
[Result "1/2-1/2"]
[White "Tibor Leviczky"]
[Black "Iweta Radziewicz Rajlich"]
[WhiteElo "2396"]
[BlackElo "2437"]
[PlyCount "78"]

1. e4 e6 2. d4 d5 3. Nc3 Bb4 4. e5 c5 5. a3 Bxc3+ 6. bxc3 Qa5
7. Bd2 Qa4 8. c4 Ne7 9. dxc5 dxc4 10. Qg4 Qxc2 11. Rc1 Qf5
12. Qxf5 Nxf5 13. Bxc4 Bd7 14. Nf3 Bc6 15. Be2 Na6 16. O-O
O-O-O 17. Bg5 Rd7 18. Rfd1 Rxd1+ 19. Bxd1 h6 20. Be3 Rd8
21. Be2 Nxe3 22. fxe3 Bxf3 23. gxf3 Rd2 24. Bxa6 bxa6 25. Rc4
g5 26. Ra4 Rd3 27. Kf2 Kb7 28. c6+ Kxc6 29. Rxa6+ Kb7 30. Ra4
Rd5 31. f4 a5 32. Kf3 Kb6 33. Rc4 Rd1 34. Kg4 Rd2 35. h3 Rg2+
36. Kh5 g4 37. h4 g3 38. Rc1 Re2 39. Kxh6 Rxe3 1/2-1/2

[Event "FSGM February"]
[Site "Budapest HUN"]
[Date "2008.02.06"]
[EventDate "2008.02.02"]
[Round "5"]
[Result "0-1"]
[White "Oliver Mihok"]
[Black "Iweta Radziewicz Rajlich"]
[WhiteElo "2351"]
[BlackElo "2437"]
[PlyCount "138"]

1. e4 e6 2. d4 d5 3. Nc3 Bb4 4. e5 c5 5. a3 Bxc3+ 6. bxc3 Qa5
7. Bd2 Qa4 8. h4 Nc6 9. h5 h6 10. Nf3 c4 11. Nh4 Bd7 12. g4
O-O-O 13. f4 Nge7 14. Bh3 g6 15. hxg6 fxg6 16. Be3 Rdg8
17. Nf3 Nd8 18. Qd2 Nf7 19. Rh2 Qa5 20. Kf2 Rf8 21. Kg1 Nd8
22. Nh4 Rf7 23. Bg2 Ndc6 24. Nf3 Rff8 25. Bf2 Be8 26. Bh4 g5
27. fxg5 h5 28. g6 Nxg6 29. gxh5 Nxh4 30. Rxh4 Qd8 31. Rf4
Rfg8 32. Rf6 Rxh5 33. Kf2 Qe7 34. Rg1 Qh7 35. Rxe6 Bg6 36. Rf6
Be4 37. Qc1 Ne7 38. Qf4 Nf5 39. e6 Qc7 40. Qxc7+ Kxc7 41. Nd2
Bxg2 42. Rxg2 Rxg2+ 43. Kxg2 Kd6 44. Rf7 Ne7 45. Rf6 Rg5+
46. Kf3 Rf5+ 47. Rxf5 Nxf5 48. Kf4 Kxe6 49. a4 Nd6 50. Nb1 Ne4
51. Ke3 a5 52. Kf4 Kf6 53. Ke3 Kf5 54. Ke2 Kf4 55. Kd1 Ke3
56. Kc1 Nd6 57. Na3 Nc8 58. Nb5 Nb6 59. Kb2 Nxa4+ 60. Ka3 Nb6
61. Nd6 Kd2 62. Nxb7 Kxc2 63. Nxa5 Kxc3 64. Nc6 Nc8 65. Ka4
Nd6 66. Ka5 Kd2 67. Nb4 c3 68. Kb6 Nf5 69. Kc6 Ne3 0-1

[Event "FSGM February"]
[Site "Budapest HUN"]
[Date "2008.02.08"]
[EventDate "?"]
[Round "7"]
[Result "1/2-1/2"]
[White "Dragan Kosic"]
[Black "Iweta Radziewicz Rajlich"]
[WhiteElo "2511"]
[BlackElo "2437"]
[PlyCount "94"]

1. d4 e6 2. Nf3 c5 3. e3 Nc6 4. b3 cxd4 5. exd4 d5 6. Bd3 g6
7. O-O Bg7 8. c3 Nge7 9. Re1 O-O 10. Nbd2 Qc7 11. Nf1 Rd8
12. Bd2 f6 13. c4 dxc4 14. Bxc4 Nd5 15. Rc1 Qf7 16. Ng3 Nb6
17. Qe2 Nxc4 18. Qxc4 h6 19. h3 f5 20. Bc3 Bd7 21. Qe2 Rac8
22. Nf1 b5 23. N1d2 Be8 24. d5 Bxc3 25. Rxc3 Rxd5 26. Qxe6
Qxe6 27. Rxe6 Rdd8 28. a3 a5 29. h4 b4 30. axb4 axb4 31. Rc5
Kf7 32. Re1 Kf6 33. Rec1 g5 34. hxg5+ hxg5 35. Nf1 Ne7 36. Ne3
Bf7 37. Rxc8 Rxc8 38. Rxc8 Nxc8 39. Nd4 Ne7 40. Kf1 Ke5
41. Nec2 Bd5 42. f3 g4 43. Kf2 gxf3 44. gxf3 f4 45. Ke2 Bb7
46. Kd3 Ba6+ 47. Kd2 Bb7 1/2-1/2

[Event "FSGM February"]
[Site "Budapest HUN"]
[Date "2008.02.09"]
[EventDate "2008.02.02"]
[Round "8"]
[Result "1/2-1/2"]
[White "Iweta Radziewicz Rajlich"]
[Black "Ivan Farago"]
[WhiteElo "2437"]
[BlackElo "2475"]
[PlyCount "67"]

1. c4 Nf6 2. Nc3 e5 3. g3 Bb4 4. Nf3 Nc6 5. Bg2 O-O 6. O-O e4
7. Ne1 Bxc3 8. dxc3 h6 9. Nc2 b6 10. Ne3 Bb7 11. f4 exf3
12. exf3 Ne7 13. Qc2 d5 14. Rd1 Qc8 15. cxd5 Nfxd5 16. Nf1 c5
17. Bd2 Rd8 18. Be1 Qc7 19. Bf2 Nf6 20. Qa4 Bc6 21. Qa3 Ng6
22. c4 Qb7 23. Qc3 Ng4 24. h3 Nxf2 25. Kxf2 Qc7 26. f4 Bxg2
27. Kxg2 Rxd1 28. Rxd1 Rd8 29. Rxd8+ Qxd8 30. Qd2 Qxd2+
31. Nxd2 f5 32. Nb1 Kf7 33. Nc3 Ne7 34. Kf3 1/2-1/2

[Event "FSGM February"]
[Site "Budapest HUN"]
[Date "2008.02.10"]
[EventDate "2008.02.02"]
[Round "9"]
[Result "1-0"]
[White "Stefan Kristjansson"]
[Black "Iweta Radziewicz Rajlich"]
[WhiteElo "2476"]
[BlackElo "2437"]
[PlyCount "63"]

1. e4 e6 2. d4 d5 3. e5 c5 4. c3 Qb6 5. Nf3 Nc6 6. Be2 Nh6
7. Bd3 cxd4 8. cxd4 Bd7 9. Bc2 Nb4 10. Bxh6 gxh6 11. O-O Bb5
12. Re1 Qa6 13. Nc3 Bd3 14. Ba4+ Nc6 15. Rc1 Rc8 16. Re3 Bg6
17. Nb5 Be7 18. Nd6+ Bxd6 19. Bxc6+ Rxc6 20. Rxc6 Qxc6 21. Rc3
Qd7 22. exd6 O-O 23. Qc1 Kg7 24. Ne5 Qxd6 25. Ng4 f6 26. Qxh6+
Kg8 27. h4 Qe7 28. Qf4 h5 29. Rc7 e5 30. Qc1 Qd6 31. Nh6+ Kh8
32. Nf5 1-0

[Event "FSGM February"]
[Site "Budapest HUN"]
[Date "2008.02.14"]
[EventDate "2008.02.02"]
[Round "13"]
[Result "1/2-1/2"]
[White "Dagur Arngrimsson"]
[Black "Iweta Radziewicz Rajlich"]
[WhiteElo "2359"]
[BlackElo "2437"]
[PlyCount "68"]

1. e4 d6 2. d4 Nf6 3. Nc3 g6 4. h3 Bg7 5. Be3 a6 6. Bd3 e5
7. dxe5 dxe5 8. Qd2 O-O 9. Bh6 b5 10. Bxg7 Kxg7 11. Nf3 c5
12. b3 Nc6 13. a4 b4 14. Ne2 Be6 15. Rd1 Qe7 16. Ng3 h6
17. Qe2 a5 18. Qe3 Rad8 19. O-O Nd7 20. Nd2 Nd4 21. f4 exf4
22. Rxf4 Ne5 23. Rdf1 Nxd3 24. cxd3 Bxb3 25. Nxb3 Nxb3 26. e5
Nd4 27. Rg4 Kh7 28. Rf6 Rg8 29. Ne4 Kg7 30. Ng3 Rd5 31. Rgf4
b3 32. Qe4 Rgd8 33. Rg4 Qxe5 34. Qxg6+ fxg6 1/2-1/2

[Event "FSGM March"]
[Site "Budapest HUN"]
[Date "2008.03.01"]
[EventDate "2008.03.01"]
[Round "1"]
[Result "1/2-1/2"]
[White "Unai Garbisu de Goni"]
[Black "Iweta Radziewicz Rajlich"]
[WhiteElo "2464"]
[BlackElo "2437"]
[PlyCount "95"]

1. e4 e6 2. d4 d5 3. e5 c5 4. c3 Qb6 5. Nf3 Nc6 6. a3 Bd7
7. b4 cxd4 8. cxd4 Rc8 9. Be3 Nh6 10. Bd3 Ng4 11. O-O Nxe3
12. fxe3 Be7 13. Ra2 O-O 14. Rc2 f5 15. exf6 Bxf6 16. Nc3 Qd8
17. Qb1 g6 18. Qb3 Kg7 19. Na4 b6 20. Ba6 Rb8 21. Rfc1 Na5
22. bxa5 bxa5 23. Bb7 Bxa4 24. Qxa4 Rxb7 25. Rc6 Bh4 26. Kh1
Bf2 27. Rxe6 Qc8 28. Rec6 Qe8 29. Rc7+ Rxc7 30. Rxc7+ Kh6
31. Qxe8 Rxe8 32. g4 Bxe3 33. Rxa7 Bf4 34. Rxa5 Re3 35. Kg2
Re2+ 36. Kf1 Ra2 37. Rxd5 Rxa3 38. Ke2 Bxh2 39. Nxh2 Ra2+
40. Ke3 Rxh2 41. Re5 Kg7 42. g5 h6 43. Re7+ Kg8 44. d5 hxg5
45. d6 Kf8 46. Re5 Kf7 47. d7 Rh8 48. Rxg5 1/2-1/2

[Event "FSGM March"]
[Site "Budapest HUN"]
[Date "2008.03.03"]
[EventDate "2008.03.01"]
[Round "2"]
[Result "0-1"]
[White "Iweta Radziewicz Rajlich"]
[Black "Vinh Bui"]
[WhiteElo "2437"]
[BlackElo "2482"]
[PlyCount "102"]

1. d4 d5 2. c4 c6 3. Nc3 Nf6 4. e3 a6 5. Nf3 b5 6. b3 Bg4
7. Be2 e6 8. h3 Bf5 9. Ne5 Bd6 10. g4 Ne4 11. Nxe4 Bxe4 12. f3
Bg6 13. a4 bxc4 14. bxc4 Nd7 15. Nxg6 hxg6 16. Kf1 Qh4 17. f4
g5 18. Qe1 Qh6 19. c5 Bc7 20. Qf2 Nf6 21. Qg2 Qg6 22. Bf3 gxf4
23. g5 Nh5 24. Bxh5 Qxh5 25. exf4 Qd1+ 26. Kf2 Qxd4+ 27. Be3
Qb2+ 28. Kg3 Qxg2+ 29. Kxg2 Kd7 30. h4 Rab8 31. h5 f6 32. h6
gxh6 33. gxh6 Rh7 34. Kf3 Rbh8 35. f5 exf5 36. Rag1 Ke6
37. Rg6 Be5 38. Rb1 f4 39. Bxf4 Bxf4 40. Kxf4 Rxh6 41. Rxh6
Rxh6 42. Rb6 Rh4+ 43. Ke3 d4+ 44. Kd3 Kd5 45. Rxa6 Rh3+
46. Kc2 Kxc5 47. Kb2 f5 48. Ra5+ Kc4 49. Rxf5 c5 50. a5 Rb3+
51. Kc2 Ra3 0-1

[Event "FSGM March"]
[Site "Budapest HUN"]
[Date "2008.03.04"]
[EventDate "2008.03.01"]
[Round "3"]
[Result "1-0"]
[White "Nguyen Huynh Minh Huy"]
[Black "Iweta Radziewicz Rajlich"]
[WhiteElo "2398"]
[BlackElo "2437"]
[PlyCount "115"]

1. d4 g6 2. c4 Bg7 3. Nc3 c5 4. d5 d6 5. e4 Nf6 6. Bd3 O-O
7. h3 Na6 8. Nf3 Nc7 9. O-O e5 10. dxe6 Nxe6 11. Be3 Nh5
12. Qd2 Be5 13. Nd5 b6 14. Rfe1 Bb7 15. Rad1 f6 16. Qc1 g5
17. Nh2 Nhg7 18. Ng4 h5 19. Nh6+ Kh7 20. Nf5 Rf7 21. Be2 Qf8
22. Rd3 Nxf5 23. exf5 Ng7 24. Qd1 Nxf5 25. Bxh5 Rg7 26. Qc2
Kh8 27. Rd2 Nh4 28. Rde2 Qg8 29. Rd2 Rf8 30. Rf1 f5 31. f4
gxf4 32. Bxf4 Bd4+ 33. Kh2 Bxd5 34. cxd5 Qxd5 35. g3 Rfg8
36. Qd1 Qe4 37. Qe2 Ng6 38. Bxd6 Qe3 39. Qxe3 Bxe3 40. Re2 Rd7
41. Bxg6 Rxd6 42. Bxf5 Bh6 43. h4 Rgd8 44. Kh3 c4 45. Re7 Bg7
46. Be6 Rxe6 47. Rxe6 Bxb2 48. Rc6 b5 49. Rf7 a5 50. Rb7 c3
51. Rxb5 a4 52. Rbc5 Rd2 53. Rc7 a3 54. Rb7 Rd8 55. h5 Rg8
56. h6 Rg6 57. Rc8+ Rg8 58. Rxg8+ 1-0

[Event "FSGM March"]
[Site "Budapest HUN"]
[Date "2008.03.07"]
[EventDate "2008.03.01"]
[Round "6"]
[Result "1/2-1/2"]
[White "Zoltan Varga"]
[Black "Iweta Radziewicz Rajlich"]
[WhiteElo "2506"]
[BlackElo "2437"]
[PlyCount "117"]

1. d4 Nf6 2. Nd2 d5 3. Ngf3 c6 4. g3 Bf5 5. Bg2 e6 6. O-O Be7
7. Nh4 Bg4 8. h3 Bh5 9. c3 Nfd7 10. Nhf3 f5 11. Qb3 Qb6 12. c4
O-O 13. Qe3 Bf7 14. b3 Bf6 15. Bb2 h6 16. g4 fxg4 17. hxg4 Qd8
18. Ba3 Re8 19. Bd6 Nf8 20. Bg3 Ng6 21. Ne5 Nxe5 22. dxe5 Be7
23. a3 Qb6 24. Qd3 a5 25. Rfd1 Na6 26. cxd5 cxd5 27. e4 Nc5
28. Qd4 Nd7 29. Qxb6 Nxb6 30. exd5 exd5 31. f4 Bc5+ 32. Bf2
Bxf2+ 33. Kxf2 g5 34. fxg5 hxg5 35. Nf3 a4 36. Rdb1 Nd7
37. bxa4 Nxe5 38. Nxe5 Rxe5 39. Rxb7 Rxa4 40. Rb4 Ra6 41. a4
Kg7 42. Ra3 Re7 43. a5 Rc7 44. Bf1 Rf6+ 45. Rf3 Rxf3+ 46. Kxf3
Rc3+ 47. Kf2 Ra3 48. a6 Kf6 49. Bb5 Be6 50. Ba4 Bc8 51. a7 Bb7
52. Ke2 Ke5 53. Kd2 Kd6 54. Kc2 Kc7 55. Kb2 Rf3 56. Bb3 Rf6
57. Rb5 Ra6 58. Bxd5 Bxd5 59. Rxd5 1/2-1/2

[Event "FSGM March"]
[Site "Budapest HUN"]
[Date "2008.03.08"]
[EventDate "2008.03.01"]
[Round "7"]
[Result "1/2-1/2"]
[White "Iweta Radziewicz Rajlich"]
[Black "Zlatko Ilincic"]
[WhiteElo "2437"]
[BlackElo "2561"]
[PlyCount "55"]

1. d4 Nf6 2. c4 g6 3. Nc3 Bg7 4. e4 d6 5. Nf3 O-O 6. h3 e5
7. d5 Na6 8. Bg5 Qe8 9. Be2 Nc5 10. Nd2 a5 11. Qc2 Bd7 12. Nb3
b6 13. Nxc5 bxc5 14. Nb5 Bxb5 15. cxb5 h5 16. a4 Nh7 17. Bd2
h4 18. Bg4 Qe7 19. O-O Bf6 20. g3 Bg5 21. f4 Bh6 22. f5 Bxd2
23. Qxd2 Kg7 24. Ra3 hxg3 25. Rxg3 Qh4 26. Kh2 Nf6 27. Bf3 Rh8
28. fxg6 1/2-1/2

[Event "Yinzhou Cup Women World Teams"]
[Site "Ningbo CHN"]
[Date "2009.09.04"]
[EventDate "2009.09.02"]
[Round "3"]
[Result "1-0"]
[White "Tan Zhongyi"]
[Black "Iweta Radziewicz Rajlich"]
[WhiteElo "2435"]
[BlackElo "2465"]
[PlyCount "63"]

1. c4 Nf6 2. Nc3 g6 3. Nf3 d5 4. cxd5 Nxd5 5. e4 Nxc3 6. bxc3
Bg7 7. d4 c5 8. Rb1 O-O 9. Be2 Nc6 10. d5 Ne5 11. Nxe5 Bxe5
12. Qd2 e6 13. f4 Bg7 14. c4 Re8 15. e5 f6 16. d6 fxe5 17. Bb2
exf4 18. Bxg7 Kxg7 19. O-O Rf8 20. Rxf4 Rxf4 21. Qxf4 Qf6
22. Qd2 b6 23. Bf3 Rb8 24. d7 Ba6 25. Rd1 Rd8 26. Qe2 Qe7
27. Bc6 Qh4 28. Qxe6 Bxc4 29. Qe5+ Kf7 30. Re1 Bxa2 31. Re4
Qh6 32. Qe7+ 1-0

[Event "Yinzhou Cup Women World Teams"]
[Site "Ningbo CHN"]
[Date "2009.09.06"]
[EventDate "2009.09.02"]
[Round "5"]
[Result "0-1"]
[White "Dronavalli Harika"]
[Black "Iweta Radziewicz Rajlich"]
[WhiteElo "2474"]
[BlackElo "2465"]
[PlyCount "116"]

1. d4 Nf6 2. c4 g6 3. Nc3 d5 4. Bg5 Ne4 5. Bh4 Nxc3 6. bxc3
dxc4 7. e3 Qd5 8. Be2 Nd7 9. Nf3 Bh6 10. O-O Nb6 11. Nd2 c6
12. a4 Qa5 13. Qc1 Be6 14. Qa3 Bg5 15. Bg3 O-O 16. Bc7 Rfc8
17. Bxb6 Qxb6 18. Bxc4 Bd5 19. Rab1 Qc7 20. Qb3 Bxc4 21. Nxc4
b6 22. Ne5 e6 23. Nd3 Be7 24. Rfd1 c5 25. dxc5 Bxc5 26. Nxc5
Qxc5 27. Rd7 Rc7 28. Rxc7 Qxc7 29. Rd1 Rc8 30. Rd3 Qc4 31. Qd1
Kg7 32. g3 Rc7 33. h4 h5 34. Kh2 Qg4 35. Qc2 Qf5 36. Qd2 e5
37. Rd8 Rc4 38. Kg2 Qe4+ 39. Kh2 Rc6 40. Qd5 Qxd5 41. Rxd5
Rxc3 42. Rd7 a5 43. Rd6 Rb3 44. Kg2 e4 45. Kh3 Rb2 46. Kg2 Kf8
47. Rd7 Rb4 48. Rd6 Ke7 49. Rc6 b5 50. axb5 Rxb5 51. Ra6 Rf5
52. Rc6 Kd7 53. Rc4 Re5 54. f3 exf3+ 55. Kxf3 Ke6 56. Ke2 Kd6
57. Rd4+ Kc6 58. Kd2 Kb5 0-1

[Event "Yinzhou Cup Women World Teams"]
[Site "Ningbo CHN"]
[Date "2009.09.08"]
[EventDate "2009.09.02"]
[Round "6"]
[Result "0-1"]
[White "Iweta Radziewicz Rajlich"]
[Black "Elina Danielian"]
[WhiteElo "2465"]
[BlackElo "2489"]
[PlyCount "184"]

1. d4 Nf6 2. c4 g6 3. Nc3 d5 4. cxd5 Nxd5 5. e4 Nxc3 6. bxc3
c5 7. Nf3 Bg7 8. e5 O-O 9. Be2 a6 10. O-O Nd7 11. Rb1 Qc7
12. Bg5 f6 13. Qb3+ Kh8 14. Bh4 b5 15. Bg3 fxe5 16. dxe5 c4
17. Qa3 Qc5 18. Qa5 Bb7 19. Rfe1 Qc6 20. a4 Nxe5 21. axb5 axb5
22. Qxb5 Qxb5 23. Rxb5 Nxf3+ 24. Bxf3 Bxf3 25. gxf3 Bxc3
26. Rxe7 Bf6 27. Re6 Bg7 28. Rb7 c3 29. Rc6 Rac8 30. Rbc7 Rxc7
31. Rxc7 Rxf3 32. Kf1 h5 33. Rc4 Kh7 34. Bf4 Rd3 35. Rc7 Rd5
36. h4 Kg8 37. Bg5 Be5 38. Rc6 Kf7 39. Ke2 Rd6 40. Rc4 Ke6
41. Be3 Kf5 42. Rc5 Ke6 43. Rc4 Rd7 44. Rc6+ Kf5 45. Rc5 Rc7
46. Rb5 Ke6 47. Rb6+ Kf7 48. Kd1 c2+ 49. Kc1 Bf6 50. Rb4 Ke6
51. Re4+ Kd5 52. Rf4 Be7 53. Rd4+ Ke6 54. Re4+ Kf5 55. Rf4+
Ke5 56. Ra4 Rc6 57. Bf4+ Kf5 58. Be3 Bd6 59. Bg5 Rc3 60. Kb2
Be5 61. Kc1 Rc6 62. Be3 Bf6 63. Rf4+ Ke6 64. Re4+ Kd5 65. Ra4
Be5 66. Rb4 Bd6 67. Rd4+ Ke5 68. Ra4 Kf5 69. Bd2 Ke6 70. Be3
Bc5 71. Re4+ Kd5 72. Ra4 Bxe3+ 73. fxe3 Ke5 74. Rf4 Rc3
75. Rf3 Rc4 76. Rg3 Kf5 77. Rg5+ Kf6 78. Rg2 Rxh4 79. Kxc2 g5
80. Kd3 Ra4 81. Rf2+ Kg6 82. Rf8 h4 83. e4 h3 84. Ke3 Ra3+
85. Kf2 Kh5 86. e5 Kg4 87. e6 Ra2+ 88. Kf1 Ra1+ 89. Ke2 h2
90. e7 h1=Q 91. e8=Q Re1+ 92. Kf2 Qf1+ 0-1

[Event "17th European Team Championship (Women)"]
[Site "Novi Sad SRB"]
[Date "2009.10.22"]
[EventDate "2009.10.22"]
[Round "1"]
[Result "1-0"]
[White "Iweta Radziewicz Rajlich"]
[Black "Mirjana Medic"]
[WhiteElo "2465"]
[BlackElo "2322"]
[PlyCount "41"]

1. d4 e6 2. c4 f5 3. g3 Nf6 4. Bg2 d5 5. Qc2 c6 6. Nh3 Bd6
7. O-O O-O 8. Bf4 Bxf4 9. Nxf4 Qe7 10. Nd2 Ne4 11. Nf3 Nd7
12. Nd3 Ndf6 13. c5 Bd7 14. Nfe5 Ng5 15. b4 a5 16. bxa5 Rxa5
17. Qd2 Ra4 18. Qxg5 Rxd4 19. a4 f4 20. Nxd7 Qxd7 21. Qe5 1-0

[Event "17th European Team Championship (Women)"]
[Site "Novi Sad SRB"]
[Date "2009.10.23"]
[EventDate "2009.10.22"]
[Round "2"]
[Result "0-1"]
[White "Margarita Voiska"]
[Black "Iweta Radziewicz Rajlich"]
[WhiteElo "2335"]
[BlackElo "2465"]
[PlyCount "110"]

1. c4 g6 2. Nc3 Bg7 3. Nf3 c5 4. g3 Nc6 5. Bg2 d6 6. d3 e6
7. Bg5 Nge7 8. O-O h6 9. Bd2 b6 10. a3 Bb7 11. Rb1 Qd7 12. b4
Nd4 13. e4 Nxf3+ 14. Bxf3 O-O 15. Bg2 cxb4 16. axb4 d5
17. exd5 exd5 18. Qf3 Rab8 19. Nxd5 Nxd5 20. cxd5 Rbd8 21. Be3
Qb5 22. Qg4 Bxd5 23. Bxd5 Rxd5 24. Rfd1 h5 25. Qe4 Qd7
26. Rbc1 Rd8 27. h4 Bd4 28. Re1 Bxe3 29. Rxe3 Rxd3 30. Rxd3
Qxd3 31. Qf4 Qd4 32. Qxd4 Rxd4 33. Rc7 a6 34. Ra7 Rxb4
35. Rxa6 Kg7 36. Kg2 Kf6 37. Ra7 Rc4 38. Kf3 Rc3+ 39. Ke4 Ke6
40. Rb7 Rc4+ 41. Kd3 Rc6 42. f3 f5 43. Ra7 Rd6+ 44. Ke3 Kd5
45. g4 fxg4 46. fxg4 hxg4 47. Ra4 g3 48. Rg4 Kc5 49. Rxg3 b5
50. Rg5+ Kc4 51. Rg4+ Kc3 52. Rg5 b4 53. Rc5+ Kb2 54. Kf4 Rb6
55. Kg5 b3 0-1

[Event "17th European Team Championship (Women)"]
[Site "Novi Sad SRB"]
[Date "2009.10.24"]
[EventDate "2009.10.22"]
[Round "3"]
[Result "0-1"]
[White "Iweta Radziewicz Rajlich"]
[Black "Lilit Mkrtchian"]
[WhiteElo "2465"]
[BlackElo "2469"]
[PlyCount "103"]

1. d4 d5 2. c4 e6 3. Nc3 Bb4 4. Nf3 Nf6 5. cxd5 exd5 6. Bg5 h6
7. Bh4 g5 8. Bg3 Ne4 9. Nd2 Nxg3 10. hxg3 c6 11. Qb3 Qb6
12. e3 Be6 13. a3 Be7 14. Na4 Qxb3 15. Nxb3 b6 16. Rc1 Kd7
17. Bd3 Kd6 18. f4 Bg4 19. Nc3 f5 20. Nd2 Nd7 21. Nf3 Rag8
22. Ne5 Nxe5 23. dxe5+ Ke6 24. Kf2 h5 25. Be2 h4 26. Bxg4 fxg4
27. Ne2 c5 28. Rcd1 Rf8 29. b4 Rc8 30. b5 Ra8 31. a4 a6
32. fxg5 Bxg5 33. gxh4 Rhf8+ 34. Kg3 Bxe3 35. Rb1 axb5
36. Rxb5 Rxa4 37. Rxb6+ Kxe5 38. h5 Bf2+ 39. Kh2 g3+ 40. Kh3
Rf5 41. Rh6 d4 42. Rd1 c4 43. Rb1 Rg5 44. Rb8 Ke4 45. Re6+ Re5
46. Rxe5+ Kxe5 47. Kg4 d3 48. Nc3 Kd4 49. Nd1 Ra1 50. Rd8+ Kc5
51. Nb2 Re1 52. Kf5 0-1

[Event "17th European Team Championship (Women)"]
[Site "Novi Sad SRB"]
[Date "2009.10.25"]
[EventDate "2009.10.22"]
[Round "4"]
[Result "1/2-1/2"]
[White "Natascha Bojkovic"]
[Black "Iweta Radziewicz Rajlich"]
[WhiteElo "2429"]
[BlackElo "2465"]
[PlyCount "51"]

1. e4 e6 2. d4 d5 3. Nd2 Be7 4. Bd3 c5 5. dxc5 Nf6 6. Qe2 O-O
7. Ngf3 a5 8. O-O Na6 9. e5 Nd7 10. Nd4 Ndxc5 11. f4 Nxd3
12. cxd3 Bc5 13. N2f3 Bd7 14. Be3 f5 15. exf6 gxf6 16. Nb3 Bd6
17. Qf2 Rf7 18. d4 b6 19. f5 exf5 20. Nh4 Nb4 21. Nxf5 Bxf5
22. Qxf5 Qd7 23. Qf3 Re8 24. Bf2 Bf8 25. a3 Nc6 26. Rfe1
1/2-1/2

[Event "17th European Team Championship (Women)"]
[Site "Novi Sad SRB"]
[Date "2009.10.28"]
[EventDate "2009.10.22"]
[Round "7"]
[Result "1/2-1/2"]
[White "Iweta Radziewicz Rajlich"]
[Black "Anna-Maria Botsari"]
[WhiteElo "2465"]
[BlackElo "2286"]
[PlyCount "61"]

1. d4 Nf6 2. c4 e6 3. Nc3 Bb4 4. Qc2 c5 5. dxc5 O-O 6. g3 Na6
7. Bg2 Nxc5 8. Bd2 d5 9. cxd5 exd5 10. a3 Bxc3 11. Bxc3 Nce4
12. Bd4 Bf5 13. Qd1 Qa5+ 14. b4 Qb5 15. Nf3 a5 16. Bxf6 Nxf6
17. Nd4 Qd7 18. O-O Be4 19. f3 Bg6 20. Qd2 axb4 21. axb4 Rfe8
22. Rfc1 Qd6 23. Bh3 h6 24. Ra5 Rxa5 25. bxa5 Ra8 26. Bc8 Qa3
27. Bxb7 Rxa5 28. Rc3 Qa1+ 29. Kg2 Ra4 30. Nb3 Ra2 31. Nxa1
1/2-1/2

[Event "European Individual Championships (Women)"]
[Site "Rijeka CRO"]
[Date "2010.03.07"]
[EventDate "2010.03.06"]
[Round "2"]
[Result "1/2-1/2"]
[White "Elvira Berend"]
[Black "Iweta Radziewicz Rajlich"]
[WhiteElo "2299"]
[BlackElo "2459"]
[PlyCount "132"]

1. d4 Nf6 2. Nf3 g6 3. g3 Bg7 4. Bg2 O-O 5. O-O d5 6. Bf4 c6
7. Nbd2 Nh5 8. Be5 Bh6 9. Bxb8 Rxb8 10. c4 Be6 11. cxd5 cxd5
12. e3 Nf6 13. Qa4 a5 14. b4 axb4 15. Qxb4 Ne8 16. a4 Qd6
17. Rfb1 Bf5 18. Rb2 Qxb4 19. Rxb4 Nc7 20. a5 Rfc8 21. Bf1 Bf8
22. Rb2 f6 23. Nh4 Bd7 24. Rab1 g5 25. Nhf3 Bf5 26. Ra1 e6
27. Ne1 Ne8 28. Bd3 Nd6 29. Bxf5 Nxf5 30. Nd3 Rc3 31. Rb3 Rc2
32. Nf3 g4 33. Nfe1 Rcc8 34. Nf4 Kf7 35. Rab1 Nd6 36. a6 b5
37. Ned3 Bh6 38. Nc5 Bxf4 39. exf4 Rb6 40. Kg2 Ra8 41. h3 h5
42. hxg4 hxg4 43. R3b2 Raxa6 44. Nxa6 Rxa6 45. Rh1 Rb6 46. Rb4
Rc6 47. Rb2 Rc4 48. Rh4 b4 49. Rxg4 Nf5 50. Ra2 Rxd4 51. Ra7+
Kf8 52. Rg6 Re4 53. Rxf6+ Ke8 54. g4 Ne7 55. g5 Nf5 56. g6
Rxf4 57. g7 Rg4+ 58. Kf3 Rxg7 59. Rxe6+ Ne7 60. Rh6 Kf7
61. Rb6 Rg5 62. Rxb4 Re5 63. Rb6 Re4 64. Rb3 Kf6 65. Re3 Nc6
66. Ra6 Rc4 1/2-1/2

[Event "II Holuj-Radzikowski Mem"]
[Site "Warsaw POL"]
[Date "2012.07.02"]
[EventDate "2012.07.02"]
[Round "1.3"]
[Result "0-1"]
[White "Aleksandra Lach"]
[Black "Iweta Radziewicz Rajlich"]
[WhiteElo "2153"]
[BlackElo "2419"]
[PlyCount "106"]

1. e4 g6 2. d4 Bg7 3. Nf3 c5 4. c4 Qb6 5. dxc5 Qxc5 6. Nc3
Bxc3+ 7. bxc3 Nc6 8. Qd5 d6 9. Ng5 e6 10. Qxc5 dxc5 11. f4 f6
12. Nf3 Nh6 13. Be3 b6 14. O-O-O Nf7 15. g4 Ba6 16. Bf2 h6
17. h4 Na5 18. f5 gxf5 19. gxf5 e5 20. Rg1 Ke7 21. Nd2 Rad8
22. Be2 Rd6 23. Rg7 h5 24. Rdg1 Kf8 25. Nb3 Nxb3+ 26. axb3 Bb7
27. b4 Bxe4 28. bxc5 Rc6 29. cxb6 axb6 30. c5 bxc5 31. Bc4 Nh6
32. Rd7 Ng4 33. Bb5 Rc8 34. Ba6 Bxf5 35. Ra7 Rc6 36. Bb5 Rc8
37. Ba6 Nxf2 38. Bxc8 Bxc8 39. Rgg7 Ke8 40. Kd2 Ne4+ 41. Kc2
Kd8 42. Kb3 Nd6 43. Rg1 Be6+ 44. Ka4 Bd7+ 45. Kb3 Re8 46. Rg7
Re7 47. Rg8+ Be8 48. Ra8+ Kd7 49. Rg1 Ke6 50. Ra6 Bb5 51. Ra8
Bd3 52. Ka2 e4 53. Ra5 Kd5 0-1

[Event "II Holuj-Radzikowski Mem"]
[Site "Warsaw POL"]
[Date "2012.07.03"]
[EventDate "2012.07.02"]
[Round "2.2"]
[Result "0-1"]
[White "Iweta Radziewicz Rajlich"]
[Black "Inga Charkhalashvili"]
[WhiteElo "2419"]
[BlackElo "2324"]
[PlyCount "96"]

1. d4 Nf6 2. c4 e6 3. Nc3 Bb4 4. Qc2 O-O 5. e4 d6 6. e5 dxe5
7. dxe5 Ng4 8. a3 Be7 9. Qe2 f5 10. f3 Nh6 11. Bxh6 gxh6
12. Rd1 Bd7 13. f4 Qe8 14. Nf3 a6 15. g3 c5 16. Bg2 Bc6
17. O-O b5 18. Ne1 b4 19. Na2 Bxg2 20. Qxg2 Nc6 21. axb4 cxb4
22. Nc1 a5 23. b3 a4 24. bxa4 Rxa4 25. Kh1 Na5 26. g4 fxg4
27. Qxg4+ Qg6 28. Qe2 Kh8 29. Rg1 Qe8 30. Nf3 Bc5 31. Rg3 b3
32. Nd3 Rxc4 33. Nxc5 Rxc5 34. f5 Rxf5 35. Qe3 Rc8 36. Rdg1
Qf7 37. Nd4 Qb7+ 38. R3g2 Rf7 39. h3 b2 40. Qe1 Rg7 41. Kh2
Rxg2+ 42. Rxg2 b1=Q 43. Qxa5 Q1e4 44. Rg4 Qh1+ 45. Kg3 Qhg2+
46. Kh4 Qe7+ 47. Kh5 Qxh3+ 48. Rh4 Qhxh4# 0-1